00449 a2200157 4500001000700000020000600007040001100013100001800024240005000042245004500092362000900137697001700146942000700163952010200170999001900272168038 a  cMagnum aMarin, Marilu10aPrincipes dos mares x senhores das mataslpor10aPrincipes dos mares x senhores das matas0 a1899 aPARADIDATICO cBK 00104070a32.5b32.5d2024-06-08l0oLI.06591pMAG00012520r2024-06-08 20:40:37w2024-06-08yBK c168038d168038